000
00320 a2200109 4500
001
ART_42222
005
20260410161807.0
008
260409a
245
1
0
_a
La LEY 26684: Futuribles
100
1
_a
Truffat, Edgardo Daniel
773
0
_t
Doctrina Societaria y Concursal
_g
- NÂș 291 (feb. 2012)
_w
REV4298
999
_c
21066
_d
21066